| 000 | 00583cam a2200181 a 4500 | ||
|---|---|---|---|
| 001 | 000002536 | ||
| 005 | 20200929150217.0 | ||
| 008 | 850506s1961 mnua b s001 0 eng | ||
| 040 |
_aDO-SdBNP _bspa _cBNPHU |
||
| 082 |
_a579.5 _bC554m, 1961. |
||
| 100 | 1 |
_aChristensen, Clyde M., _d1905- _97971 |
|
| 245 | 1 | 4 |
_aThe molds and man : _ban introduction to the fungi / _cClyde M. Christensen. |
| 250 | _a2a ed. | ||
| 260 |
_aMinneapolis : _bUniversity of Minnesota Press, _c1961. |
||
| 300 |
_aviii, 238 p. : _bil. ; _c22 cm. |
||
| 504 | _aBibliografía: p. 228-229 | ||
| 650 | 4 |
_aHongos. _97972 |
|
| 999 |
_c2372 _d2372 |
||